000 00458nam a2200181Ia 4500
001 44704
008 140428s9999 xx 000 0 und d
020 _aNA
040 _cPK-LaUMT
082 _aRHC 891.4393
_bSLA-A
100 _aSlah-ud-Din Akbar
245 _aAlbam aur saayay(Urdu)
_cSlah-ud-Din Akbar
260 _aLahore,Pakistan:
_bUrdu Publishers,
_c1966
300 _a256 p.
546 _aUR
650 _aPakistani literature-Urdu
942 _cBK
999 _c42684
_d42684